[Event "NED-chT 0102"]
[Site "Netherlands"]
[Date "2001.09.29"]
[Round "1.8"]
[White "Baljon, Christofoor"]
[Black "Zagema, Wieb"]
[Result "1/2-1/2"]
[WhiteElo "2255"]
[BlackElo "2344"]
[PlyCount "31"]
[EventDate "2001.09.29"]
[EventType "team-tourn"]
[EventRounds "9"]
[EventCountry "NED"]
[SourceTitle "CBM 085 Extra"]
[Source "ChessBase"]
[SourceDate "2002.01.21"]
[SourceVersion "1"]
[SourceVersionDate "2002.01.21"]
[SourceQuality "1"]
[WhiteTeam "Groningen"]
[BlackTeam "Hilversum HSG"]
[WhiteTeamCountry "NED"]
[BlackTeamCountry "NED"]

1. e4 e5 2. Nf3 d6 3. d4 Nf6 4. dxe5 Nxe4 5. Qd5 Nc5 6. Bg5 Qd7 7. exd6 Ne6 8. Nc3 c6 9. Qd2 Qxd6 10. 0-0-0 Qxd2+ 11. Rxd2 Nxg5 12. Nxg5 Be7 13. Nce4 0-0 14. Bc4 Nd7 15. f4 h6 16. Nf3 1/2-1/2

[Event "Leeuwarden op"]
[Site "Leeuwarden"]
[Date "1997.??.??"]
[Round "8"]
[White "Baljon, Christofoor"]
[Black "Boersma, Paul"]
[Result "0-1"]
[WhiteElo "2310"]
[BlackElo "2350"]
[PlyCount "62"]
[EventDate "1997.11.08"]
[EventType "swiss"]
[EventRounds "9"]
[EventCountry "NED"]
[SourceTitle "EXT 1999"]
[Source "ChessBase"]
[SourceDate "1998.11.16"]
[SourceVersion "1"]
[SourceVersionDate "1998.11.16"]
[SourceQuality "1"]

1. e4 c6 2. d4 d5 3. e5 Bf5 4. h4 h6 5. c4 e6 6. Nc3 dxc4 7. Bxc4 Nd7 8. Nge2 Nb6 9. Bd3 Bxd3 10. Qxd3 Ne7 11. Ne4 Nf5 12. h5 c5 13. Nxc5 Bxc5 14. Qb5+ Qd7 15. Qxc5 Rc8 16. Qa5 0-0 17. 0-0 Rc2 18. Re1 Qc6 19. Bf4 Rxb2 20. Rac1 Qe4 21. f3 Qd5 22. Qc3 Rxa2 23. Qb4 Ra4 24. Qb2 Nc4 25. Qc2 b5 26. Qe4 b4 27. Qc2 Nb6 28. Qc7 Ra2 29. Rc5 Qd8 30. Qb7 Rxe2 31. Rxe2 Qxd4+ 0-1

[Event "Leeuwarden op"]
[Site "Leeuwarden"]
[Date "1997.??.??"]
[Round "4"]
[White "Baljon, Christofoor"]
[Black "Nijboer, Friso"]
[Result "0-1"]
[WhiteElo "2310"]
[BlackElo "2605"]
[PlyCount "70"]
[EventDate "1997.11.08"]
[EventType "swiss"]
[EventRounds "9"]
[EventCountry "NED"]
[SourceTitle "EXT 1999"]
[Source "ChessBase"]
[SourceDate "1998.11.16"]
[SourceVersion "1"]
[SourceVersionDate "1998.11.16"]
[SourceQuality "1"]

1. e4 c5 2. Nf3 e6 3. d4 cxd4 4. Nxd4 a6 5. Nc3 Qc7 6. Bd3 Nc6 7. Nxc6 dxc6 8. f4 e5 9. 0-0 Nf6 10. Qf3 b5 11. fxe5 Ng4 12. Bf4 Be6 13. a4 b4 14. Nd5 Qa5 15. h3 Bc5+ 16. Kh1 Nf2+ 17. Rxf2 Bxf2 18. Qxf2 cxd5 19. exd5 Bxd5 20. e6 fxe6 21. Qh4 Kd7 22. Bd2 Rab8 23. Rf1 Rhf8 24. Rxf8 Rxf8 25. Bxb4 Qd8 26. Qd4 Rf6 27. Bxa6 Ke8 28. Bb5+ Kf7 29. Qa7+ Kg8 30. Qe7 Bxg2+ 31. Kh2 Qa8 32. Qe8+ Qxe8 33. Bxe8 Rf2 34. Kg3 Rxc2 35. Bc3 Bd5 0-1

[Event "Leeuwarden op"]
[Site "Leeuwarden"]
[Date "1997.??.??"]
[Round "3"]
[White "Welling, Gerard J"]
[Black "Baljon, Christofoor"]
[Result "0-1"]
[WhiteElo "2355"]
[BlackElo "2310"]
[PlyCount "50"]
[EventDate "1997.11.08"]
[EventType "swiss"]
[EventRounds "9"]
[EventCountry "NED"]
[SourceTitle "EXT 1999"]
[Source "ChessBase"]
[SourceDate "1998.11.16"]
[SourceVersion "1"]
[SourceVersionDate "1998.11.16"]
[SourceQuality "1"]

1. d4 Nf6 2. Bg5 c5 3. Bxf6 gxf6 4. d5 Qb6 5. Qc1 Bg7 6. g3 f5 7. c3 e6 8. Bg2 Na6 9. Na3 Nc7 10. Nc4 Qa6 11. Qf4 0-0 12. Ne3 Qb6 13. Nc4 Qa6 14. Ne3 Qb6 15. Nh3 Qxb2 16. 0-0 Ne8 17. Rfc1 Qxe2 18. g4 fxg4 19. Rc2 e5 20. Qf5 Qa6 21. Ng5 Qg6 22. Ne4 d6 23. Qxg6 hxg6 24. Rb2 f5 25. Ng5 e4 0-1

[Event "NED-chT 9596"]
[Site "Netherlands"]
[Date "1995.??.??"]
[Round "?"]
[White "Olthof, Rene AJA"]
[Black "Baljon, Christofoor"]
[Result "1/2-1/2"]
[WhiteElo "2260"]
[BlackElo "2310"]
[PlyCount "50"]
[EventDate "1995.??.??"]
[EventType "team"]
[EventRounds "9"]
[EventCountry "NED"]
[SourceTitle "EXT 1999"]
[Source "ChessBase"]
[SourceDate "1998.11.16"]
[SourceVersion "1"]
[SourceVersionDate "1998.11.16"]
[SourceQuality "1"]

1. e4 c5 2. Nf3 d6 3. d4 cxd4 4. Nxd4 Nf6 5. f3 e5 6. Bb5+ Nbd7 7. Nf5 d5 8. exd5 Qa5+ 9. Nc3 Bb4 10. 0-0 0-0 11. a4 Nb6 12. Bd3 Rd8 13. Bg5 Bxc3 14. Bxf6 gxf6 15. bxc3 Nxd5 16. Ng3 Ne3 17. Qd2 Nxf1 18. Qh6 f5 19. Kxf1 Qb6 20. Qg5+ Kh8 21. Re1 Rg8 22. Qe7 f6 23. Rxe5 fxe5 24. Qxe5+ Rg7 25. Qe8+ Rg8 1/2-1/2

[Event "NED-ch37"]
[Site "Amsterdam/Drachten"]
[Date "1982.03.22"]
[Round "8"]
[White "Baljon, Christofoor"]
[Black "Witt, Rob"]
[Result "1-0"]
[WhiteElo "2320"]
[BlackElo "2290"]
[PlyCount "93"]
[EventDate "1982.03.13"]
[EventType "tourn"]
[EventRounds "11"]
[EventCountry "NED"]
[EventCategory "7"]
[SourceTitle "EXT 2002"]
[Source "ChessBase"]
[SourceDate "2001.11.25"]
[SourceVersion "1"]
[SourceVersionDate "2001.11.25"]
[SourceQuality "1"]

1. e4 e6 2. d4 d5 3. Nc3 Bb4 4. e5 c5 5. a3 Bxc3+ 6. bxc3 Qc7 7. Nf3 b6 8. a4 Ba6 9. Bxa6 Nxa6 10. Qe2 Nb8 11. Ba3 Nd7 12. 0-0 Ne7 13. Ne1 Nc6 14. Nd3 Na5 15. Qg4 g6 16. Qh4 h6 17. Rfe1 Nc4 18. Bc1 Qd8 19. Qh3 Qe7 20. Bxh6 0-0-0 21. f4 Qe8 22. Nf2 cxd4 23. cxd4 Nb8 24. Ng4 Kb7 25. Qd3 Rc8 26. Bg7 Rh4 27. Nf6 Qc6 28. g3 Rhh8 29. Bxh8 Rxh8 30. Reb1 Ka8 31. h4 Qc7 32. Kf2 Nc6 33. h5 gxh5 34. Rh1 N4a5 35. Qc3 Qb7 36. Rxh5 Rc8 37. Rah1 Nd8 38. Qd3 Rc4 39. Rh8 Nac6 40. Ne4 Qd7 41. Nd6 Rxd4 42. Qc3 Rc4 43. Nxc4 dxc4 44. Qxc4 Qd2+ 45. Qe2 Qd4+ 46. Qe3 Qxa4 47. Rd1 1-0

[Event "NED-ch37"]
[Site "Amsterdam/Drachten"]
[Date "1982.03.15"]
[Round "3"]
[White "Baljon, Christofoor"]
[Black "Van der Wiel, John"]
[Result "0-1"]
[WhiteElo "2320"]
[BlackElo "2470"]
[PlyCount "46"]
[EventDate "1982.03.13"]
[EventType "tourn"]
[EventRounds "11"]
[EventCountry "NED"]
[EventCategory "7"]
[SourceTitle "EXT 2002"]
[Source "ChessBase"]
[SourceDate "2001.11.25"]
[SourceVersion "1"]
[SourceVersionDate "2001.11.25"]
[SourceQuality "1"]

1. e4 e5 2. Nc3 Nf6 3. f4 d5 4. fxe5 Nxe4 5. Qf3 Nxc3 6. dxc3 Be6 7. Bf4 c5 8. 0-0-0 Qc7 9. Nh3 Nc6 10. Ng5 0-0-0 11. Nxe6 fxe6 12. Qh3 Qf7 13. g3 Be7 14. c4 g5 15. cxd5 gxf4 16. dxc6 Rxd1+ 17. Kxd1 fxg3 18. Qxg3 Qh5+ 19. Kd2 Rd8+ 20. Kc3 Qd1 21. Qf2 Rf8 22. Bg2 Qg4 23. cxb7+ Kb8 0-1

[Event "Lloyds Bank op 04th"]
[Site "London"]
[Date "1980.08.27"]
[Round "8"]
[White "Baljon, Christofoor"]
[Black "Friedgood, David"]
[Result "1-0"]
[WhiteElo "2340"]
[BlackElo "2335"]
[PlyCount "43"]
[EventDate "1980.08.20"]
[EventType "swiss"]
[EventRounds "9"]
[EventCountry "ENG"]
[SourceTitle "EXT 2001"]
[Source "ChessBase"]
[SourceDate "2000.11.22"]
[SourceVersion "1"]
[SourceVersionDate "2000.11.22"]
[SourceQuality "1"]

1. e4 c5 2. Nf3 e6 3. d4 cxd4 4. Nxd4 a6 5. Bd3 Nf6 6. Nc3 d6 7. f4 Be7 8. Qf3 Qc7 9. Be3 0-0 10. g4 Nc6 11. g5 Nd7 12. Rg1 Nc5 13. 0-0-0 Bd7 14. e5 Nxd3+ 15. Rxd3 Nxd4 16. Bxd4 Rfc8 17. Qh5 Be8 18. Rh3 h6 19. gxh6 g6 20. h7+ Kh8 21. exd6+ f6 22. Qe5 1-0

[Event "IBM-20 Meestergroep"]
[Site "Amsterdam"]
[Date "1980.06.??"]
[Round "?"]
[White "Baljon, Christofoor"]
[Black "Haik, Aldo"]
[Result "0-1"]
[WhiteElo "2340"]
[BlackElo "2440"]
[PlyCount "43"]
[EventDate "1980.06.??"]
[EventType "tourn"]
[EventRounds "11"]
[EventCountry "NED"]
[EventCategory "4"]
[SourceTitle "MCD"]
[Source "ChessBase"]
[SourceDate "1999.07.01"]
[SourceVersion "1"]
[SourceVersionDate "1999.07.01"]
[SourceQuality "1"]

1. e4 e5 2. Nf3 Nc6 3. Bc4 Bc5 4. b4 Bb6 5. Nc3 d6 6. Nd5 Nf6 7. a4 Nxe4 8. Qe2 Nd4 9. Nxd4 Bxd4 10. Qxe4 Bxa1 11. c3 c6 12. Ne3 0-0 13. Qb1 d5 14. Bb3 f5 15. Qxa1 f4 16. Nf1 Qg5 17. Rg1 Qg6 18. Qa2 Bf5 19. d4 exd4 20. cxd4 Rae8+ 21. Kd2 Bb1 22. Bc2 0-1

[Event "IBM-19 Grootmeestergroep B"]
[Site "Amsterdam"]
[Date "1979.07.24"]
[Round "11"]
[White "Baljon, Christofoor"]
[Black "Hernandez Onna, Roman"]
[Result "1-0"]
[WhiteElo "2255"]
[BlackElo "2500"]
[PlyCount "107"]
[EventDate "1979.07.11"]
[EventType "tourn"]
[EventRounds "13"]
[EventCountry "NED"]
[EventCategory "8"]
[SourceTitle "MCD"]
[Source "ChessBase"]
[SourceDate "1999.07.01"]
[SourceVersion "1"]
[SourceVersionDate "1999.07.01"]
[SourceQuality "1"]

1. e4 c5 2. Nf3 Nc6 3. d4 cxd4 4. Nxd4 e6 5. Nc3 Qc7 6. g3 a6 7. Bg2 Nf6 8. 0-0 Nxd4 9. Qxd4 Bc5 10. Qd3 h6 11. Na4 Ba7 12. c4 d6 13. b3 e5 14. Ba3 Bd4 15. Rac1 Bd7 16. Nc3 0-0 17. Ne2 Bc5 18. b4 Ba7 19. Rfd1 Bg4 20. Rd2 Rfd8 21. Nc3 Rac8 22. Nd5 Nxd5 23. exd5 a5 24. bxa5 Qxa5 25. Rb2 Qa6 26. Bf1 Bd4 27. Rb3 b6 28. Qe4 f5 29. Qb1 e4 30. Bxd6 Qa7 31. Ra3 Qf7 32. Bf4 Bc5 33. Rb3 Bf3 34. Be3 Qh5 35. Qb2 Bxe3 36. fxe3 Qg5 37. Qd4 h5 38. Qxb6 h4 39. Qe6+ Kh8 40. Qe5 Rxd5 41. Qxd5 hxg3 42. Qe5 gxh2+ 43. Kxh2 Qh4+ 44. Kg1 Rc6 45. Rb2 Qg5+ 46. Kf2 Rh6 47. Rb8+ Kh7 48. Qf4 Qf6 49. Rb5 Rh5 50. Be2 Rh4 51. Qxf5+ Qxf5 52. Rxf5 Rh2+ 53. Kg3 Rxe2 54. c5 1-0

[Event "IBM-19 Grootmeestergroep B"]
[Site "Amsterdam"]
[Date "1979.07.20"]
[Round "8"]
[White "Baljon, Christofoor"]
[Black "Van der Sterren, Paul"]
[Result "0-1"]
[WhiteElo "2255"]
[BlackElo "2400"]
[PlyCount "56"]
[EventDate "1979.07.11"]
[EventType "tourn"]
[EventRounds "13"]
[EventCountry "NED"]
[EventCategory "8"]
[SourceTitle "MCD"]
[Source "ChessBase"]
[SourceDate "1999.07.01"]
[SourceVersion "1"]
[SourceVersionDate "1999.07.01"]
[SourceQuality "1"]

1. b3 d5 2. Bb2 Bg4 3. c4 d4 4. h3 Bh5 5. g4 Bg6 6. Bg2 Nc6 7. b4 a6 8. Qa4 Qd7 9. b5 Nd8 10. Nf3 f6 11. Nxd4 e5 12. Nb3 h5 13. g5 fxg5 14. d3 Nf6 15. N1d2 g4 16. Bxe5 Be7 17. hxg4 Nxg4 18. Bxg7 Rh7 19. Bd4 c5 20. bxc6 Nxc6 21. Bb6 Rc8 22. Ne4 Bb4+ 23. Kf1 Rf7 24. Nbc5 Qd4 25. Nb3 Qxb6 26. c5 Bxe4 27. Bxe4 Ne3+ 28. Kg1 Rg7+ 0-1

[Event "NED-ch34"]
[Site "Leeuwarden"]
[Date "1979.03.13"]
[Round "8"]
[White "Sosonko, Gennadi"]
[Black "Baljon, Christofoor"]
[Result "1/2-1/2"]
[WhiteElo "2535"]
[BlackElo "2255"]
[PlyCount "46"]
[EventDate "1979.03.05"]
[EventType "tourn"]
[EventRounds "13"]
[EventCountry "NED"]
[EventCategory "6"]
[SourceTitle "MCD"]
[Source "ChessBase"]
[SourceDate "1999.07.01"]
[SourceVersion "1"]
[SourceVersionDate "1999.07.01"]
[SourceQuality "1"]

1. d4 Nf6 2. c4 g6 3. Nc3 Bg7 4. e4 0-0 5. Nf3 d6 6. Be2 e5 7. 0-0 Nc6 8. d5 Ne7 9. b4 Nh5 10. g3 f5 11. Ng5 Nf6 12. f3 a5 13. b5 b6 14. Be3 Nh5 15. Bf2 Bf6 16. Qd2 f4 17. Ne6 Bxe6 18. dxe6 Ng7 19. c5 dxc5 20. Rad1 Qxd2 21. Rxd2 Nc8 22. Rd7 Kh8 23. Rxc7 Nxe6 1/2-1/2